LEADER 01087nam a2200265 i 4500 001 000000221656 003 CaOOAMICUS 005 20130731000000.0 008 130731s1983 it u000 u ita u 013 $a200553 020 $a88-7042-292-5 040 $aSeMil$bita 100 1 $aPrestipino, Giuseppe.$0(OLS)http://semarc/name/35596 245 10$aPer una antropologia filosofica :$bproposte di metodo e di lessico /$cGiuseppe Prestipino. 260 $aNapoli :$bGuida,$c1983. 300 $a171 p. ;$c23 cm. 490 0 $aEsperienze ;$v105 650 4$aAntropologia filosofica.$0(OLS)http://semarc/subject/976 830 0$aEsperienze ;$v105.$0(OLS)http://semarc/title/7378 850 $aSeMil 852 $aSeMil$W1$xVenegono$y1$m2P VII 7$j172005$B172005$CSeMilBibl$Z2$F183635 $81 961 $aOmaggio: Conti don Ermenegildo 996 $6020$a88-7042-292-5$9(OLS)http://semarc/number/220756 996 $6245$aPer una antropologia filosofica :$bproposte di metodo e di lessico$9(OLS)http://semarc/title/317768 996 $6260$aNapoli :$bGuida$9(OLS)http://semarc/publisher/31216 LEADER 01060nam a2200289 i 4500 001 000000096345 003 CaOOAMICUS 005 20060419000000.0 008 060419s2003 it u000 u ita u 013 $a68587 020 $a88-15-09449-0 040 $aSeMil$bita 100 1 $aGaleotti, Giulia.$0(OLS)http://semarc/name/36516 245 10$aStoria dell'aborto /$cGiulia Galeotti. 260 $aBologna :$bIl Mulino,$c2003. 300 $a131 p. ;$c20 cm. 490 0 $aFarsi un'idea ;$v91 500 $aDono del Card. Dionigi Tettamanzi. 650 4$aAborto - Storia.$0(OLS)http://semarc/subject/14984 830 0$aFarsi un'idea ;$v91.$0(OLS)http://semarc/title/12266 850 $aSeMil 852 $aSeMil$W1$xVenegono$y1$m2E I 431$j56074$B56074$CSeMilBibl$Z2$F63946 $81 941 1 $a5 961 $aOmaggio: Tettamanzi Card. Dionigi 996 $6020$a88-15-09449-0$9(OLS)http://semarc/number/53560 996 $6245$aStoria dell'aborto$9(OLS)http://semarc/title/119333 996 $6260$aBologna :$bIl Mulino$9(OLS)http://semarc/publisher/29842